00534 2200193 4500001002100000008004100021035002000062245006400082100001900146250001000165260004800175300002700223020002200250084001600272082001000288650001800298990001200316990001200328INLIS000000000015127 ind  a0010-1222000206 aDunia Tumbuh-TumbuhancRani Yulianty;editor; Syamsu Arramly aRANI, Yulianty acet.2 aBandung :bSygma Creative Media Corp,c2018 a29 hlm.; ilus.c27 cm. a978-979-055-517-4 a741.5 RAN d a741.5 aGAMBAR, KOMIK a10271 a a10271 b